Sociedad 7 : (Registro nro. 9911)

Detalles MARC
000 -LIDER
fixed length control field 01844nam a2200385 a 4500
001 - NÚMERO DE CONTROL
Identificador de número de control 00251
003 - IDENTIFICACDOR DE NÚMERO DE CONTROL
control field DO-SdBNP
005 - DATE AND TIME OF LATEST TRANSACTION
control field 20180313110708.0
007 - CAMPOS FIJOS DE DESCRIPCIÓN FÍSICA
fixed length control field 00251
008 - ELEMENTOS DE LONGITUD FIJA
fixed length control field 091118s2004 dr 2008 000 0 spa d
020 ## - ISBN
International Standard Book Number 9788482616438 - Cuaderno
020 ## - ISBN
International Standard Book Number 9788482616513 - Álbum
040 ## - FUENTE DE CATALOGACIÓN
Agencia que crea de manera original el registro BPMSU
Idioma de catalogación spa
Agencia que realiza la transcripción BPMSU
092 ## - LOCALLY ASSIGNED DEWEY DECIMAL CALL NUMBER
Número de clasificación 372.83
Número de ítem (Cutter) C238s 7mo. 2004
100 1# - ASIENTO PRINCIPAL -- NOMBRE PERSONAL
Nombre personal Capellán Almonte, Fanny
245 1# - MENCIÓN DE TITULO
Título Sociedad 7 :
Subtítulo básica /
Mención de responsabilidad Fanny Capellán Almonte ; editora Margarita Castro Catrain
260 ## - PUBLICACIÓN, DISTRIBUCIÓN, ETC. (PIE DE IMPRENTA)
Lugar de publicación, distribución, etc Santo Domingo :
Nombre del editor, distribuidor, etc. Santillana,
Fecha de publicación, distribución, etc 2004.
300 ## - DESCRIPCIÓN FÍSICA
Extensión 3 v. :
Otros detalles físicos il., mapas., retrs. ;
Dimensiones 28 cm.
490 1# - MENCIÓN DE SERIES
Mención de serie Ámbar
505 0# - NOTA DE CONTENIDO
Título Unidade 1.
-- El antecedente colonial --
-- Unidad 2 .
-- La situación internacional --
-- Unidad 3 .
-- Evolución de las Antillas --
-- Unidad 4 .
-- Entre la Colonia y la República --
-- Unidad 5 .
-- La economía del siglo XIX --
-- Unidad 6 .
-- La fundación de la República --
-- Unidad 7.
-- Anexión y segunda República --
-- Unidad 8 .
-- Independentismo y antillanismo --
-- Unidad 9 .
-- Liberalismo y dictadura --
-- Unidad 10 .
-- La cultura en el siglo XIX --
-- Unidad 11 .
-- Modernización a fines del XIX --
-- Unidad 12 .
-- El espacio en el siglo XIX
650 #4 - ENCABEZAMIENTO DE MATERIA--TEMÁTICO
Término temático o nombre geográfico como elemento de entrada CIENCIAS SOCIALES
Subdivisión temática general ENSEÑANZA BÁSICA
650 #4 - ENCABEZAMIENTO DE MATERIA--TEMÁTICO
Término temático o nombre geográfico como elemento de entrada CIENCIAS SOCIALES
Subdivisión temática general EDUCACIÓN PRIMARIA
650 #4 - ENCABEZAMIENTO DE MATERIA--TEMÁTICO
Término temático o nombre geográfico como elemento de entrada CIENCIAS SOCIALES
Subdivisión temática general LIBROS DE TEXTOS
650 #4 - ENCABEZAMIENTO DE MATERIA--TEMÁTICO
Término temático o nombre geográfico como elemento de entrada CIENCIAS SOCIALES
Subdivisión temática general ESTUDIOS Y EJERCICIOS
650 #4 - ENCABEZAMIENTO DE MATERIA--TEMÁTICO
Término temático o nombre geográfico como elemento de entrada EDUCACIÓN PRIMARIA
Subdivisión geográfica REPÚBLICA DOMINICANA
700 1# - ASIENTO SECUNDARIO -- NOMBRE PERSONAL
Nombre personal Castro Catrain, Margarita,
Mención de responsabilidad ed.
830 #0 - ASIENTO SECUNDARIO DE SERIE--TÍTULO UNIFORME
Título uniforme Ámbar
910 ## - VALIDACIÓN
Validación Validado. Control de calidad MFF
930 #1 - EQUIVALENCE OR CROSS-REFERENCE-UNIFORM TITLE HEADING [LOCAL, CANADA]
Language of a work BND01
Medium of performance for music LF1
Field link and sequence number 20091130
Date of a work 04
Name of part/section of a work OI
Miscellaneous information 8685
942 ## - ADDED ENTRY ELEMENTS (KOHA)
Source of classification or shelving scheme Dewey Decimal Classification
Koha item type Libros
945 ## - INFORMACIÓN DE PROCESAMIENTO LOCAL
Información de procesamiento local Remanejado para la BNPHU / 2018 BT
956 ## - LOCAL ELECTRONIC LOCATION AND ACCESS (OCLC)
Nombre de host YLOCKWARD
Número de acceso 10
Información de compresión 20150622
Inicio de sesión BND01
Procesador de solicitud 1356
956 ## - LOCAL ELECTRONIC LOCATION AND ACCESS (OCLC)
Nombre de host VMATEO
Número de acceso 10
Información de compresión 20150701
Inicio de sesión BPMSU
Procesador de solicitud 00151
956 ## - LOCAL ELECTRONIC LOCATION AND ACCESS (OCLC)
Nombre de host BTAVÁREZ
Número de acceso 10
Información de compresión 20160414
Inicio de sesión 00251
Existencias
Withdrawn status Lost status Source of classification or shelving scheme Damaged status Not for loan Home library Current library Date acquired Source of acquisition Total Checkouts Full call number Barcode Date last seen Price effective from Koha item type Collection code Copy number
    Dewey Decimal Classification     Biblioteca Pública Metropolitana Salomé Ureña Biblioteca Pública Metropolitana Salomé Ureña 04/25/2016 Donación   372.83 C238s 7mo. 2004 v.3 Cuaderno BPMSU16040668 04/25/2016 04/25/2016 Libros    
    Dewey Decimal Classification     Biblioteca Pública Metropolitana Salomé Ureña Biblioteca Pública Metropolitana Salomé Ureña 04/25/2016 Donación   372.83 C238s 7mo. 2004 v.3 Cuaderno BPMSU16040669 04/25/2016 04/25/2016 Libros   ej. 2
    Dewey Decimal Classification     Biblioteca Pública Metropolitana Salomé Ureña Biblioteca Pública Metropolitana Salomé Ureña 04/25/2016 Donación   372.83 C238s 7mo. 2004 v.4 Álbum BPMSU16040670 04/25/2016 04/25/2016 Libros    
    Dewey Decimal Classification     Biblioteca Pública Metropolitana Salomé Ureña Biblioteca Pública Metropolitana Salomé Ureña 05/17/2016 Donación   372.83 C238s 7mo. 2004 v.2 Guía BPMSU16050355 05/17/2016 05/17/2016 Libros    
    Dewey Decimal Classification     Biblioteca Pública Metropolitana Salomé Ureña Biblioteca Pública Metropolitana Salomé Ureña 05/17/2016 Donación   372.83 C238s 7mo. 2004 v.2 Guía BPMSU16050356 05/17/2016 05/17/2016 Libros   ej.2